Syntéza aromatickej subštruktúry varioxiránu
Salvato in:
| Autore principale: | |
|---|---|
| Altri autori: | |
| Natura: | Manoscritto Libro |
| Lingua: | slovacco |
| Soggetti: | |
| Accesso online: | http://is.stuba.sk/zp/portal_zp.pl?podrobnosti=92597 |
| Tags: |
Nessun Tag, puoi essere il primo ad aggiungerne!!
|
MARC
| LEADER | 00000ntm a22000003a 4500 | ||
|---|---|---|---|
| 001 | stuzp46978 | ||
| 003 | SK-STU | ||
| 005 | 20160229160115.5 | ||
| 007 | ta | ||
| 008 | 150427s2015----xo-----f-mn---000-0-slo-d | ||
| 040 | |a STU |b slo | ||
| 041 | 0 | |a slo | |
| 100 | 1 | |a Haščičová, Katarína |u 048140 |4 aut |U FCHPT Ústav organickej chémie, katalýzy a petrochémie |T FCHPT Oddelenie organickej chémie |X 42497 |U C8140 |Y 124 |7 42497 | |
| 242 | 0 | 1 | |a Synthesis of Aromatic Substructure of Varioxirane |y eng |
| 245 | 1 | 0 | |a Syntéza aromatickej subštruktúry varioxiránu |
| 650 | 4 | |a prírodné látky |2 slo | |
| 650 | 4 | |a varioxirán |2 slo | |
| 650 | 4 | |a varitriol |2 slo | |
| 650 | 4 | |a radikálová bromácia |2 slo | |
| 650 | 4 | |a nukleofilná substitúcia |2 slo | |
| 650 | 4 | |a natural compounds |2 eng | |
| 650 | 4 | |a varioxirane |2 eng | |
| 650 | 4 | |a varitriol |2 eng | |
| 650 | 4 | |a radical bromination |2 eng | |
| 650 | 4 | |a nucleophilic substitution |2 eng | |
| 700 | 1 | |a Lásiková, Angelika, |d 1969- |4 ths |X 3970 |7 A000003970 | |
| 856 | 4 | |u http://is.stuba.sk/zp/portal_zp.pl?podrobnosti=92597 | |
| SQL | |a stuzp46978 |b DBP |c SLO |d Syntéza aromatickej subštruktúry varioxiránu |e 42497 |f Haščičová, Katarína |g 048140 |h 3970 |i Lásiková, Angelika |j 20140715 |k 753 |l 04 |m http://is.stuba.sk/zp/portal_zp.pl?podrobnosti=92597 | ||